[Event "Bad Woerishofen op"]
[Site "Bad Woerishofen"]
[Date "1992.??.??"]
[Round "8"]
[White "Tischbierek, Raj"]
[Black "Kindermann, Stefan"]
[Result "1-0"]
[WhiteElo "2485"]
[BlackElo "2505"]

1.e4 e6 2.d4 d5 3.Nc3 Bb4 4.e5 Ne7 5.a3 Bxc3+ 6.bxc3 c5 7.Nf3 b6 8.Bb5+ Bd7
9.Bd3 Ba4 10.h4 Qc7 11.h5 h6 12.O-O c4 13.Be2 Nd7 14.g3 O-O-O 15.Nh4 Kb7
16.Bg4 Qc6 17.Re1 Rdg8 18.Ra2 Ka8 19.Rb2 Kb7 20.Qf3 Rf8 21.Qh1 Rfg8 22.Qh3 Nf8
23.Ng2 Ka8 24.Ne3 Nh7 25.Qh4 Re8 26.Bf3 Rhg8 27.Rb4 b5 28.Rb2 a6 29.Bg2 Qd7
30.Qg4 Ka7 31.Qe2 Qc7 32.Rb1 Nf8 33.Rf1 Nd7 34.Bd2 Qc6 35.Rbe1 Kb8 36.Bc1 Ka7
37.Bh3 Kb8 38.Kh2 Ka7 39.Rg1 Ka8 40.Ref1 Kb8 41.Rg2 Ka8 42.f4 f6 43.g4 Ref8
44.Rg3 g6 45.hxg6 fxe5 46.f5 exd4 47.cxd4 Nf6 48.Bg2 Qd6 49.Nd1 h5 50.Bf4 Qb6
51.Bg5 hxg4 52.Qe5 Nc6 53.Qxe6 Rh8+ 54.Kg1 Ne4 55.Bxe4 dxe4 56.g7 Qxd4+ 57.Be3 Qxg7
58.Qxc6+ Qb7 59.Qxb7+ Kxb7 60.Rf2 Rh5 61.Nc3 Rfh8 62.Kf1 Rh1+ 63.Rg1 g3 64.Rg2 R8h5
65.Nxa4 Rxf5+ 66.Ke2 bxa4 67.Rxg3 Rh2+ 68.R3g2 Rfh5 69.Kd2 Kc6 70.Kc3 R2h3
71.Rg6+ Kd5 72.R6g5+ Rxg5 73.Rxg5+ Ke6 74.Kd4 Rh2 75.c3 Ra2 76.Kxe4 Rxa3
77.Bd4 Ra1 78.Rg6+ Kd7 79.Rxa6 a3 80.Kd5 a2 81.Kxc4  1-0

[Event "Baden-Baden-B"]
[Site "Baden-Baden"]
[Date "1992.??.??"]
[Round "1"]
[White "Tischbierek, Raj"]
[Black "Uhlmann, Wolfgang"]
[Result "1-0"]
[WhiteElo "2495"]
[BlackElo "2480"]

1.e4 e6 2.d4 d5 3.Nc3 Bb4 4.e5 Ne7 5.a3 Bxc3+ 6.bxc3 c5 7.h4 Nbc6 8.h5 Qa5
9.Bd2 Bd7 10.h6 gxh6 11.Nf3 O-O-O 12.Bd3 c4 13.Be2 Ng8 14.Kf1 f6 15.Qe1 fxe5
16.dxe5 Rf8 17.g3 Be8 18.Nd4 Nd8 19.Bg4 Bd7 20.Kg2 Nc6 21.Bxe6 Bxe6 22.Nxe6 Re8
23.Nd4 Qa4 24.Bf4 Nge7 25.Qd2 Ng6 26.Nf5 Kb8 27.Rab1 Ncxe5 28.Bxe5+ Rxe5
29.Nd6 Qc6 30.Rxb7+ Ka8 31.Qd4 Qa6 32.Rhb1 Rf8 33.Rd7 Rb8 34.Rxb8+ Kxb8 35.Qc5  1-0

[Event "Baden-Baden-B"]
[Site "Baden-Baden"]
[Date "1992.??.??"]
[Round "3"]
[White "Mainka, Romuald"]
[Black "Van der Wiel, John TH"]
[Result "1/2-1/2"]
[WhiteElo "2550"]
[BlackElo "2545"]

1.e4 e6 2.d4 d5 3.Nc3 Bb4 4.e5 b6 5.Bd2 Qd7 6.Qg4 Bf8 7.Nh3 Ne7 8.O-O-O Ba6
9.Bxa6 Nxa6 10.Bg5 c6 11.Bxe7 Qxe7 12.f4 h5 13.Qf3 g6 14.Ne2 O-O-O 15.Kb1 Qb7
16.Nf2 Be7 17.g3 c5 18.h3 Nb4 19.c3 Nc6 20.g4 cxd4 21.Nxd4 Kb8 22.Nd3 Nxd4
23.cxd4 Rc8 24.f5 hxg4 25.hxg4 Rxh1 26.Rxh1 Bg5 27.Rh2  1/2-1/2

[Event "Bern op"]
[Site "Bern"]
[Date "1992.??.??"]
[Round "4"]
[White "Sokolov, Andrei"]
[Black "Blauert, Joerg"]
[Result "1-0"]
[WhiteElo "2565"]
[BlackElo "2375"]

1.e4 e6 2.d4 d5 3.Nc3 Bb4 4.e5 Ne7 5.a3 Bxc3+ 6.bxc3 c5 7.Nf3 Qc7 8.h4 Nbc6
9.h5 h6 10.Rb1 Bd7 11.Bd3 O-O-O 12.g3 f5 13.Kf1 c4 14.Be2 Qa5 15.Qe1 Rdg8
16.Ra1 Qa4 17.Qd1 Kb8 18.Bd2 Ka8 19.Kg2 Nd8 20.Qb1 Nf7 21.Qb2 Bc6 22.Rag1 Qb5
23.Qc1 Qa4 24.Kf1 Be8 25.Nh4 Nd8 26.Ng2 Rf8 27.Nf4 Rhg8 28.Rh4 Kb8 29.Kg2 Ka8
30.Qb2 Kb8 31.Kh1 Ka8 32.Rh2 Kb8 33.Rhg2 Ka8 34.Rh2 Kb8 35.Kg2 Ka8 36.Kf1 Kb8
37.Rhg2 Ka8 38.Ke1 Kb8 39.Be3 Ka8 40.Kd2 Kb8 41.g4 fxg4 42.Bxg4 Bd7 43.Bh3 Rf7
44.Rg3 Kc8 45.R1g2 b6 46.Ne2 Kc7 47.Ke1 Nf5 48.Bxf5 Rxf5 49.Bxh6 Rxh5 50.Bxg7 Nf7
51.Bf6 Rxg3 52.fxg3 Ng5 53.Bxg5 Rxg5 54.Nf4 Bc8 55.Qb4 Qd7 56.Kd2 Rg8 57.Ne2 a5
58.Qb1 Qh7 59.Qf1 Bd7 60.Rf2 Qh6+ 61.Kd1 b5 62.Rf7 Rg6 63.Qf4 Qh1+ 64.Kd2 Rh6
65.Qg4  1-0

[Event "Bled op"]
[Site "Bled"]
[Date "1992.??.??"]
[Round "7"]
[White "Mazi, Leon"]
[Black "Farago, Ivan"]
[Result "0-1"]
[WhiteElo "2315"]
[BlackElo "2520"]

1.e4 e6 2.d4 d5 3.Nc3 Bb4 4.e5 Ne7 5.Nf3 c5 6.a3 Bxc3+ 7.bxc3 Bd7 8.a4 Qa5
9.Bd2 Nbc6 10.Be2 f6 11.c4 Qc7 12.exf6 gxf6 13.cxd5 Nxd5 14.c3 O-O-O 15.O-O Rhg8
16.Re1 e5 17.c4 Bh3 18.Bf1 Nb6 19.d5 Nxc4 20.dxc6 Qxc6 21.g3 Bxf1 22.Rxf1 e4
23.Qc2 Qd5 24.Bf4 exf3 25.Rfc1 Ne5 26.Qf5+ Rd7 27.Qxf6 Nd3 28.Rd1 Qd4 29.Qxd4 Rxd4
30.Be3 Rd7 31.Rd2 b6 32.h3 Kb7 33.Kh2 c4 34.g4 Rc8 35.Rad1 a6 36.Kg3 b5 37.Kxf3 b4
38.Rb1 b3 39.g5 Ka8 40.Ke2 Re8 41.h4 Nf4+ 42.Kf3 Nd5 43.Rd4 Rf7+ 44.Kg4 Nxe3+
45.fxe3 Rc7 46.Rd6 Ka7  0-1

[Event "Bogota Lat Cup"]
[Site "Bogota"]
[Date "1992.??.??"]
[Round "5"]
[White "Rodriguez, Amador"]
[Black "Gonzales, Jorge A"]
[Result "1-0"]
[WhiteElo "2490"]
[BlackElo "2420"]

1.e4 e6 2.d4 d5 3.Nc3 Bb4 4.e5 b6 5.a3 Bf8 6.Nf3 Qd7 7.Bb5 c6 8.Ba4 a5 9.Ne2 Ba6
10.c3 Bb5 11.Bc2 a4 12.O-O c5 13.Re1 Nc6 14.Nf4 h6 15.h4 Na5 16.h5 O-O-O
17.Nh4 Ne7 18.Rb1 cxd4 19.cxd4 Kb7 20.Ne2 Nc4 21.Nc3 Ra8 22.Qf3 Bc6 23.Qxf7 Qc8
24.Qf3 Be8 25.Bd3 Nc6 26.Bxc4 dxc4 27.Ng6 Bxg6 28.hxg6 Ka6 29.d5 exd5 30.Qxd5 Ne7
31.Qf7 Qc6 32.e6 Ra7 33.Be3 h5 34.Rbd1 h4 35.Na2 Nc8 36.Qxf8 Rxf8 37.Nb4+ Kb5
38.Nxc6 Kxc6 39.Rd4 b5 40.Rxh4 Re7 41.Bg5 Ree8 42.Rh7 Rg8 43.e7 Nd6 44.Rh4 Rc8
45.Rd4  1-0

[Event "Spring op"]
[Site "Budapest"]
[Date "1992.??.??"]
[Round "?"]
[White "Tatar Kis, Szabolcs"]
[Black "Portisch, Ferenc"]
[Result "0-1"]
[WhiteElo "2250"]
[BlackElo "2410"]

1.e4 e6 2.d4 d5 3.Nc3 Bb4 4.e5 Ne7 5.a3 Bxc3+ 6.bxc3 c5 7.Qg4 cxd4 8.Bd3 Qa5
9.Ne2 dxc3 10.Qxg7 Rg8 11.Qxh7 Nd7 12.Bf4 Nc5 13.O-O Bd7 14.Rfb1 O-O-O 15.Bg3 Rdf8
16.Qh4 Nxd3 17.Qxe7 Nc5 18.f3 Re8 19.Qd6 Ba4 20.Nd4 Rd8 21.Rb5 Qxb5 22.Nxb5 Rxd6
23.Nxd6+ Kd7 24.Bf2 b6 25.Nxf7 Bxc2 26.Rc1 d4 27.Rxc2 d3 28.Rc1 d2  0-1

[Event "Eurodata"]
[Site "Budapest"]
[Date "1992.??.??"]
[Round "13"]
[White "Lau, Ralf"]
[Black "Kindermann, Stefan"]
[Result "0-1"]
[WhiteElo "2520"]
[BlackElo "2505"]

1.e4 e6 2.d4 d5 3.Nc3 Bb4 4.e5 Ne7 5.a3 Bxc3+ 6.bxc3 c5 7.Nf3 Bd7 8.a4 Qa5
9.Bd2 Nbc6 10.Bb5 Qc7 11.O-O O-O 12.Re1 b6 13.Qc1 f5 14.dxc5 bxc5 15.Qa3 Na5
16.Bxd7 Qxd7 17.Qxc5 Nc4 18.Bc1 Nc6 19.Nd4 Rfc8 20.Nxc6 Rxc6 21.Qb5 Qc7 22.Ba3 a6
23.Qb4 Rb8 24.Qe7 Qxe7 25.Bxe7 Rb2 26.Re2 Rcb6 27.Bc5 Rb1+ 28.Re1 Rxa1 29.Rxa1 Rb2
30.Bd4 Rxc2 31.f3 Kf7 32.Rb1 Rb2 33.Rxb2 Nxb2 34.c4 Nxc4 35.Kf2 Ke7 36.Ke2 Na5
37.Kd3 Kd7 38.g4 fxg4 39.fxg4 Nb3 40.Be3 Kc6 41.Kc3 Nc5 42.Kb4 Nd3+ 43.Ka5 Nxe5
44.Kxa6 Nc4  0-1

[Event "Buenos Aires Najdorf qual"]
[Site "Buenos Aires"]
[Date "1992.??.??"]
[Round "5"]
[White "Farah, Rodolfo"]
[Black "Devcic, Marcos"]
[Result "1-0"]
[WhiteElo "2210"]
[BlackElo "2320"]

1.e4 e6 2.d4 d5 3.Nc3 Bb4 4.e5 Qd7 5.a3 Bf8 6.Nce2 b6 7.Ng3 Ba6 8.Bxa6 Nxa6
9.Qd3 Nb8 10.h4 Nc6 11.Bd2 f6 12.f4 f5 13.Nh3 Nh6 14.Nf2 Be7 15.Ne2 O-O-O
16.Rh3 Kb8 17.Rc1 Rc8 18.c4 Rhd8 19.c5 Ka8 20.b4 Nb8 21.b5 c6 22.cxb6 cxb5
23.bxa7 Kxa7 24.Rb1 Rc4 25.Qb3 Na6 26.Qxb5 Qxb5 27.Rxb5 Rb8 28.Rxb8 Kxb8
29.Rb3+ Kc7 30.h5 Nb8 31.Rg3 Ng4 32.Ba5+ Kd7 33.Rb3 Nc6 34.Bb6 Rc2 35.Nxg4 fxg4
36.Kd1 Ra2 37.Rg3 Ke8 38.Rxg4 Kf7 39.Rg3 Bxa3 40.f5 exf5 41.Nf4 Bb2 42.e6+ Kf6
43.Re3 Ra8 44.Nxd5+ Kg5 45.e7 Re8 46.Re6 Nxe7 47.Rxe7 Rxe7 48.Nxe7 Kxh5 49.Kc2 Bxd4
50.Bxd4 f4 51.Kd2 Kg4 52.Ke2 h5 53.Bxg7 h4 54.Kf2 h3 55.gxh3+ Kxh3 56.Kf3 Kh2
57.Nd5 Kh3 58.Nc3 Kh2 59.Ne4 Kh1 60.Be5 Kh2 61.Bxf4+ Kh1 62.Be3 Kh2 63.Nc5 Kh1
64.Nd3 Kh2 65.Kf2 Kh1 66.Ne5 Kh2 67.Bf4+ Kh1 68.Kf3 Kg1 69.Ng4 Kh1 70.Nf2+ Kg1
71.Bg3 Kf1 72.Bh2 Ke1 73.Ne4 Kf1 74.Ng3+ Ke1 75.Ke3 Kd1 76.Kd3 Ke1 77.Bg1 Kd1
78.Bf2 Kc1 79.Bd4 Kb1 80.Ne4 Kc1 81.Bc3 Kd1 82.Nd6 Kc1 83.Nc4 Kb1 84.Bd2 Ka2
85.Kc2 Ka1 86.Bc1 Ka2 87.Ne3 Ka1 88.Nd1 Ka2  1-0

[Event "FMDA tt"]
[Site "Buenos Aires"]
[Date "1992.??.??"]
[Round "7"]
[White "Hase, Juan C"]
[Black "Rubinetti, Jorge A"]
[Result "1/2-1/2"]
[WhiteElo "2335"]
[BlackElo "2450"]

1.e4 e6 2.d4 d5 3.Nc3 Bb4 4.e5 b6 5.Bd2 Bf8 6.Nf3 Qd7 7.a4 Ba6 8.Bxa6 Nxa6
9.a5 b5 10.O-O Ne7 11.Qe2  1/2-1/2

[Event "California op"]
[Site "California"]
[Date "1992.??.??"]
[Round "?"]
[White "Anderson, Renard"]
[Black "Strugatsky, Vladimir"]
[Result "0-1"]
[WhiteElo "2270"]
[BlackElo "2315"]

1.e4 e6 2.d4 d5 3.Nc3 Bb4 4.e5 Ne7 5.a3 Bxc3+ 6.bxc3 c5 7.a4 Qa5 8.Bd2 Bd7
9.Nf3 Nbc6 10.Bb5 c4 11.O-O O-O 12.Bc1 Rfe8 13.Qd2 Nxe5 14.Nxe5 Bxb5 15.Ba3 Bc6
16.f4 f6 17.Nf3 Qc7 18.g4 Nc8 19.Nh4 Nd6 20.Bxd6 Qxd6 21.f5 e5 22.Nf3 a5
23.Qg2 e4 24.Nh4 e3 25.Qe2 Re4 26.Ng2 Rae8 27.Rfe1 Qd7 28.Qf3 Bxa4 29.Rxe3 Bxc2
30.Rxa5 Qd6 31.Ra1 Qb6 32.Rae1 Qa5 33.Qg3 Rxe3 34.Rxe3 Be4 35.Nf4 Ra8 36.Ne6 Qb6
37.Re1 h6 38.Nc5 Qb2 39.Nxe4 dxe4 40.Rxe4 Kh7 41.Re1 Ra2 42.g5 fxg5 43.h4 Ra6
44.hxg5 hxg5 45.Qh2+ Qxh2+ 46.Kxh2 Ra3 47.Re3 b5 48.Re5 Rb3 49.Rc5 Kg8 50.d5 Kf8
51.d6 Ke8 52.Rc6 Rxc3 53.Rc7 Rf3 54.Rc5 Kd7 55.Rxb5 Kxd6 56.Kg2 Rd3 57.Kf2 Rd5
58.Rb7 Rxf5+ 59.Ke3 Rd5  0-1

[Event "Caciulata"]
[Site "Calimanesti"]
[Date "1992.??.??"]
[Round "?"]
[White "Moldovan, Daniel"]
[Black "Luce, Sebastien"]
[Result "1/2-1/2"]
[WhiteElo "2450"]
[BlackElo "2400"]

1.e4 e6 2.d4 d5 3.Nc3 Bb4 4.e5 Ne7 5.a3 Bxc3+ 6.bxc3 b6 7.Qg4 Kf8 8.a4 Ba6
9.Bxa6 Nxa6 10.Ba3 Nb8 11.Nf3 Kg8 12.h4 h5 13.Qf4 Nf5 14.O-O Nc6 15.c4 Na5
16.cxd5 Qxd5 17.Bb4 Nc4 18.a5 Rh6 19.c3 a6 20.Rfe1 b5 21.Ng5 Rg6 22.f3 Re8
23.Re2 Rf8 24.Rf1 Qd7 25.Rfe1 Rd8 26.Rd1  1/2-1/2

[Event "Cannes op"]
[Site "Cannes"]
[Date "1992.??.??"]
[Round "?"]
[White "Iruzubieta, Jesus Maria"]
[Black "Bricard, Emmanuel"]
[Result "0-1"]
[WhiteElo "2280"]
[BlackElo "2430"]

1.e4 e6 2.d4 d5 3.Nc3 Bb4 4.e5 Ne7 5.a3 Bxc3+ 6.bxc3 b6 7.Qg4 Kf8 8.Bg5 h6
9.Bxe7+ Qxe7 10.Nf3 Ba6 11.Bxa6 Nxa6 12.c4 c6 13.O-O dxc4 14.Nd2 b5 15.Ne4 Nc7
16.f4 g6 17.Rf3 Rd8 18.c3 Nd5 19.Raf1 Ke8 20.Nc5 Nxc3 21.Rxc3 Rxd4 22.Na6 Qb7
23.Nb4 c5 24.Nc2 Rd3 25.Rxd3 cxd3 26.Ne3 Qe4 27.Kf2 c4 28.Qf3 Qxf3+ 29.Kxf3 Kd7
30.Rc1 Rc8 31.Ke4 Rc6 32.g4 Kc7 33.h4 Kb6 34.Kd4 Rc8 35.Kc3 Kc5 36.h5 gxh5
37.gxh5 a5 38.Rb1 Rg8 39.Kd2 Kd4  0-1

[Event "Ceuta"]
[Site "Ceuta"]
[Date "1992.??.??"]
[Round "2"]
[White "Rodriguez Talavera, Juan Carlos"]
[Black "Zlotnik, Boris A"]
[Result "0-1"]
[WhiteElo "2375"]
[BlackElo "2455"]

1.e4 e6 2.d4 d5 3.Nc3 Bb4 4.e5 Ne7 5.a3 Bxc3+ 6.bxc3 c5 7.Qg4 Kf8 8.Nf3 Qc7
9.a4 cxd4 10.Qxd4 Nbc6 11.Qc5 f6 12.exf6 gxf6 13.Bh6+ Kf7 14.Bd3 e5 15.Nh4 Qa5
16.Qa3 Rg8 17.Be2 Bg4 18.f3 Nd4 19.Bd3 Bf5 20.O-O-O Bxd3 21.cxd4 Bg6 22.dxe5 fxe5
23.Rhe1 Rac8 24.Re2 Bxc2 25.Rxc2 Rxc2+ 26.Kxc2 Rc8+ 27.Kb1 Rc4 28.Bd2 Qb6+
29.Ka1 Qd4+ 30.Kb1 Qxh4 31.f4 Qg4 32.Re1 Qg6+ 33.Ka1 Qc2 34.Bb4 Nc6 35.fxe5 Rxb4
36.Rf1+ Ke8 37.e6 Qxa4  0-1

[Event "EU-chT (Men)"]
[Site "Debrecen"]
[Date "1992.??.??"]
[Round "2"]
[White "Hellers, Ferdinand"]
[Black "Eingorn, Vereslav S"]
[Result "1/2-1/2"]
[WhiteElo "2510"]
[BlackElo "2590"]

1.e4 e6 2.d4 d5 3.Nc3 Bb4 4.e5 Ne7 5.a3 Bxc3+ 6.bxc3 c5 7.Qg4 Kf8 8.a4 b6
9.Nf3 h6 10.Ba3 Qc7 11.Bd3 Ba6 12.O-O Bxd3 13.cxd3 Na6 14.c4 Rd8 15.dxc5 bxc5
16.cxd5 Rxd5 17.Qc4 Nb8 18.d4 Kg8 19.dxc5 Nbc6 20.Rad1 Kh7 21.Qe4+ Ng6 22.Rxd5 exd5
23.Qxd5 Rd8 24.Qe4 Nxe5 25.Nxe5 Qxe5 26.Qc2 Kg8 27.Bc1 Ne7 28.Bb2 Qd5 29.Re1 Nc6
30.h3 a5 31.Qc3 f6 32.Qe3 Kh7 33.Bc3 Qc4 34.Qe4+ Qxe4 35.Rxe4 Rd5 36.Rc4 Rd1+
37.Kh2 Rc1 38.f4 Rc2 39.Kg3 g5 40.Kf3 gxf4 41.Ke4 Ne5 42.Bxe5 Rxc4+ 43.Kd5 Rxc5+
44.Kxc5 fxe5 45.Kd5 Kg6 46.Kxe5 Kg5 47.Ke4 h5 48.Ke5 Kh4 49.Kxf4  1/2-1/2

[Event "Dortmund op-A"]
[Site "Dortmund"]
[Date "1992.??.??"]
[Round "1"]
[White "Lochte, Thomas"]
[Black "Komarov, Dimitri"]
[Result "0-1"]
[WhiteElo "2235"]
[BlackElo "2455"]

1.e4 e6 2.d4 d5 3.Nc3 Bb4 4.e5 Ne7 5.a3 Bxc3+ 6.bxc3 c5 7.Qg4 O-O 8.h4 f5
9.exf6 Rxf6 10.Bg5 Rf7 11.Nf3 Nbc6 12.Ne5 Nxe5 13.dxe5 Qc7 14.f4 Nf5 15.Bd3 Qa5
16.O-O Qxc3 17.Qf3 h6 18.Qh5 Bd7 19.Rad1 c4 20.Bxf5 Rxf5 21.Qg6 hxg5 22.Rf3 Qb2
23.hxg5 Qb6+  0-1

[Event "Dortmund op-A"]
[Site "Dortmund"]
[Date "1992.??.??"]
[Round "7"]
[White "Lau, Ralf"]
[Black "Kindermann, Stefan"]
[Result "1/2-1/2"]
[WhiteElo "2480"]
[BlackElo "2505"]

1.e4 e6 2.d4 d5 3.Nc3 Bb4 4.e5 Ne7 5.a3 Bxc3+ 6.bxc3 c5 7.h4 Qc7 8.Nf3 b6
9.h5 h6 10.Bb5+ Bd7 11.Bd3 Nbc6 12.O-O O-O 13.Bf4 f5 14.exf6 Qxf4 15.fxe7 Nxe7
16.Ne5 Be8 17.g3 Qg5 18.Be2 cxd4 19.cxd4 Nc6 20.Nxc6 Bxc6 21.Kh2 e5 22.dxe5 Qxe5
23.f4 Qf6 24.Bf3 d4 25.Bxc6 Qxc6 26.Qxd4 Rad8 27.Qf2 Rf5 28.g4 Rfd5 29.Kg3 Rc5
30.Rae1 Rxc2 31.Qf3 Rc3 32.Re3 Rxe3 33.Qxe3 Qc4 34.Rf3 Kf8 35.Qe5 Qc1 36.Re3 Qg1+
37.Kh3 Qh1+ 38.Kg3 Kg8 39.Qe7 Qg1+ 40.Kh3 Qf1+ 41.Kg3 Rf8  1/2-1/2

[Event "Dortmund op-A"]
[Site "Dortmund"]
[Date "1992.??.??"]
[Round "9"]
[White "Szalanczy, Emil"]
[Black "Kindermann, Stefan"]
[Result "0-1"]
[WhiteElo "2420"]
[BlackElo "2505"]

1.e4 e6 2.d4 d5 3.Nc3 Bb4 4.e5 Ne7 5.a3 Bxc3+ 6.bxc3 c5 7.Qg4 O-O 8.Bd3 Nbc6
9.Nf3 f5 10.exf6 Rxf6 11.Bg5 e5 12.Qg3 Rxf3 13.gxf3 c4 14.Be2 exd4 15.O-O Bf5
16.Rfe1 dxc3 17.Bxc4 dxc4 18.Rxe7 Nxe7 19.Re1 Qb8 20.Rxe7 Qxg3+ 21.fxg3 Bxc2
22.Rxb7 Bd3 23.Kf2 h6 24.Bf4 g5 25.Be5 c2 26.Bb2 Re8 27.f4 c3 28.Bc1 Re2+  0-1

[Event "Dortmund op-A"]
[Site "Dortmund"]
[Date "1992.??.??"]
[Round "9"]
[White "Siemers, Joerg"]
[Black "Schettler, Juergen"]
[Result "1-0"]
[WhiteElo "2205"]
[BlackElo "2245"]

1.e4 e6 2.d4 d5 3.Nc3 Bb4 4.e5 Ne7 5.a3 Bxc3+ 6.bxc3 c5 7.h4 Nbc6 8.Nf3 Qa5
9.Bd2 cxd4 10.cxd4 Qa4 11.h5 Nxd4 12.Bd3 Nec6 13.Kf1 Nxf3 14.Qxf3 Bd7 15.h6 O-O-O
16.hxg7 Rhg8 17.Qf6 Qd4 18.Re1  1-0

[Event "Dresden op"]
[Site "Dresden"]
[Date "1992.??.??"]
[Round "?"]
[White "Luther, Thomas"]
[Black "Uhlmann, Wolfgang"]
[Result "1/2-1/2"]
[WhiteElo "2435"]
[BlackElo "2480"]

1.e4 e6 2.d4 d5 3.Nc3 Bb4 4.e5 Ne7 5.a3 Bxc3+ 6.bxc3 c5 7.h4 Nbc6 8.h5 Qa5
9.Bd2 Bd7 10.Nf3 O-O-O 11.h6 gxh6 12.Bd3 Rdg8 13.Kf1 c4 14.Be2 Nf5 15.Nh4 Nxh4
16.Rxh4 Qd8 17.Rxh6 Rg6 18.Rh2 f6 19.Bh5 Rgg8 20.exf6 Qxf6 21.Qf3 Qe7 22.Qf7 Qd6
23.Qf4 Qe7 24.Qf7 Qd6 25.Qf4  1/2-1/2

[Event "ESP-chJ"]
[Site "?"]
[Date "1992.??.??"]
[Round "4"]
[White "De la Riva Aguado, Oscar"]
[Black "Del Rio de Angeles, Gabriel"]
[Result "1-0"]
[WhiteElo "2380"]
[BlackElo "2280"]

1.e4 e6 2.d4 d5 3.Nc3 Bb4 4.e5 Ne7 5.Nf3 c5 6.Bd2 O-O 7.Nb5 Bxd2+ 8.Qxd2 cxd4
9.Nbxd4 Nec6 10.O-O-O f6 11.exf6 Qxf6 12.Qe3 Nxd4 13.Rxd4 Nc6 14.Rd2 Bd7
15.Bb5 Qg6 16.Rg1 Rae8 17.Bxc6 Bxc6 18.Ne5 Qh5 19.h3 Bb5 20.f4 Qf5 21.Rd4 g5
22.fxg5 Rc8 23.c3 Be8 24.Re1 Kg7 25.Rb4 b6 26.Nf3 Bg6 27.Qe5+ Qxe5 28.Rxe5 Rce8
29.Kd2 Be4 30.Ke3 Kf7 31.Rd4 b5 32.a4 a6 33.axb5 axb5 34.Rb4 Rb8 35.Nd4 Rfe8
36.g3  1-0

[Event "FRA-chT"]
[Site "?"]
[Date "1992.??.??"]
[Round "?"]
[White "Beikert, Guenther"]
[Black "Bouhallel, Rabah"]
[Result "1-0"]
[WhiteElo "2350"]
[BlackElo "2230"]

1.e4 e6 2.d4 d5 3.Nc3 Bb4 4.e5 b6 5.Qg4 Bf8 6.Bb5+ c6 7.Ba4 Ba6 8.Nge2 Ne7
9.Bg5 Qc7 10.Bxe7 Qxe7 11.f4 g6 12.Qf3 Qb4 13.O-O-O h5 14.g3 Bxe2 15.Qxe2 b5
16.Bb3 Nd7 17.Nb1 Nb6 18.h3 Bh6 19.Rhf1 a5 20.a3 Qe7 21.c3 a4 22.Ba2 Nc4
23.Rd3 c5 24.dxc5 Qxc5 25.Nd2 Ke7 26.Nf3 Rhc8 27.Nd4 Na5 28.Kb1 Nc6 29.g4 hxg4
30.hxg4 Nxd4 31.Rxd4 Rh8 32.Ka1 Rab8 33.Bb1 Kd7 34.Bd3 Kc6 35.Rb4 Rhg8 36.Kb1 Bf8
37.Rc1 Bh6 38.c4 bxc4 39.Bxc4 Rxb4  1-0

[Event "FRA-chT"]
[Site "?"]
[Date "1992.??.??"]
[Round "?"]
[White "Apicella, Manuel"]
[Black "Bouhallel, Rabah"]
[Result "1/2-1/2"]
[WhiteElo "2435"]
[BlackElo "2230"]

1.e4 e6 2.d4 d5 3.Nc3 Bb4 4.e5 b6 5.a3 Bf8 6.Bb5+ c6 7.Ba4 Ba6 8.Nce2 Ne7
9.c3 Qc7 10.Ng3 Nd7 11.Nh5 g6 12.Ng3 O-O-O 13.Qf3 Nf5 14.Nxf5 exf5 15.Bf4 Re8
16.O-O-O Re6 17.h4 f6 18.exf6 Bd6 19.Bxd6 Qxd6 20.h5 Rf8 21.hxg6 hxg6 22.Rh6 Rfxf6
23.Qg3 Qxg3 24.fxg3 Be2 25.Re1 Bg4 26.Rxe6 Rxe6 27.Bd1 Re1 28.Nf3 Re6 29.Ng5 Re1
30.Nf3 Re6 31.Rh7 Bxf3 32.gxf3 Kc7 33.Kd2 Kd6 34.Rg7 a5 35.Bc2 Nf6 36.a4 Nh5
37.Rb7 Nxg3 38.Bd3 f4 39.b4 axb4 40.cxb4 Re3 41.b5  1/2-1/2

[Event "Fuerteventura op"]
[Site "Fuerteventura"]
[Date "1992.??.??"]
[Round "?"]
[White "Montiel, Pedro"]
[Black "Barredo Duran, Luis"]
[Result "1/2-1/2"]
[WhiteElo "2280"]
[BlackElo "2235"]

1.e4 e6 2.d4 d5 3.Nc3 Bb4 4.e5 b6 5.Nh3 Qd7 6.Nf4 Bf8 7.Nh5 g6 8.Ng3 Ba6
9.Bxa6 Nxa6 10.O-O c5 11.Nce2 Bg7 12.c3 Ne7 13.Bg5 cxd4 14.cxd4 Nc6 15.Qd2 h6
16.Be3 Na5 17.b3 O-O-O 18.Qd3 Kb7 19.Bd2 Nc6 20.a3 Ne7 21.b4 Nc7 22.a4 a6
23.Nc1 Nf5 24.Nb3 Bf8 25.Rfb1 Be7 26.Ne2 Rc8 27.Nc3 Rb8 28.Ne2 h5 29.Ra2 Rhc8
30.h3 Na8 31.Bc3 Ka7 32.Be1 Rc4 33.b5 a5 34.Nd2 Rb4 35.Rxb4 Bxb4 36.Rc2 Rc8
37.Nf3 Be7 38.Bd2 Kb7 39.Kf1 Rxc2 40.Qxc2 Qc7 41.Qxc7+ Kxc7 42.Bg5 Ba3 43.g4 hxg4
44.hxg4 Ne7 45.Bf6 Kd7 46.Ng5 Ke8  1/2-1/2

[Event "Geneve op"]
[Site "Geneve"]
[Date "1992.??.??"]
[Round "3"]
[White "Atlas, Valeri"]
[Black "Psakhis, Lev"]
[Result "1/2-1/2"]
[WhiteElo "2435"]
[BlackElo "2605"]

1.e4 e6 2.d4 d5 3.Nc3 Bb4 4.e5 Ne7 5.a3 Bxc3+ 6.bxc3 c5 7.Qg4 Kf8 8.h4 Qa5
9.Bd2 Qa4 10.Rh3 Nbc6 11.h5 h6 12.Qf4 b6 13.Rf3 Nd8 14.dxc5 Qxf4 15.Rxf4 bxc5
16.Be3 c4 17.Rb1 Ndc6 18.Nf3 g5 19.hxg6 Nxg6 20.Rg4 Kg7 21.Nh4 Bd7 22.Nxg6 fxg6
23.Rb7 Rhd8 24.Be2 Rab8 25.Rc7 Rbc8 26.Rb7 Rb8  1/2-1/2

[Event "GER CupT"]
[Site "Germany"]
[Date "1992.??.??"]
[Round "?"]
[White "Vogt, Lothar"]
[Black "Panzer, Peter"]
[Result "1/2-1/2"]
[WhiteElo "2515"]
[BlackElo "2355"]

1.e4 e6 2.d4 d5 3.Nc3 Bb4 4.e5 Qd7 5.Nf3 b6 6.Bd3 Ba6 7.O-O Bxd3 8.Qxd3 c5
9.dxc5 Bxc5 10.Nb5 a6 11.Nbd4 Nc6 12.Nxc6 Qxc6 13.c3 b5 14.a4 bxa4 15.Nd4 Bxd4
16.cxd4 Ne7 17.Qa3 Qd7 18.Bg5 h6 19.Bd2 O-O 20.Bb4 Rfe8 21.Bc5 Rab8 22.Rfb1 a5
23.Qxa4 Qxa4 24.Rxa4 Rb5 25.Kf1 Nc6 26.Ba3 f6  1/2-1/2

[Event "BL2-N9192"]
[Site "Germany"]
[Date "1992.??.??"]
[Round "?"]
[White "Kupfer, Michael"]
[Black "Lieb, Harald"]
[Result "0-1"]
[WhiteElo "2220"]
[BlackElo "2295"]

1.e4 e6 2.d4 d5 3.Nc3 Bb4 4.e5 Qd7 5.a3 Bxc3+ 6.bxc3 b6 7.Bd3 Ba6 8.Bxa6 Nxa6
9.Qd3 Nb8 10.Ne2 Nc6 11.O-O Na5 12.Be3 Nc4 13.Rfb1 Ne7 14.Ng3 h5 15.h4 O-O-O
16.Rb4 Nf5 17.Bg5 Rde8 18.Qf3 Nxg3 19.fxg3 Kb8 20.a4 a5 21.Rbb1 Ref8 22.Qe2 f6
23.Bf4 Ka7 24.Re1 Re8 25.Rab1 Kb7 26.Rb5 Qf7 27.Reb1 Rhg8 28.Rc5 g5 29.hxg5 fxg5
30.Bc1 Ka7 31.Rxc4 dxc4 32.Qxc4 Qd7 33.Be3 Kb7 34.Rb5 Qc6 35.Qb3 h4 36.c4 hxg3
37.d5 exd5 38.cxd5 Qh6 39.Qc4 Rgf8 40.Qc6+ Qxc6 41.dxc6+ Kxc6 42.Bxg5 Rf5
43.Bf6 Rxf6  0-1

[Event "Graz-ch"]
[Site "Graz"]
[Date "1992.??.??"]
[Round "9"]
[White "Wenger, K."]
[Black "Supancic, Darko"]
[Result "0-1"]
[WhiteElo "2120"]
[BlackElo "2340"]

1.e4 e6 2.d4 d5 3.Nc3 Bb4 4.e5 Ne7 5.a3 Bxc3+ 6.bxc3 c5 7.Qg4 O-O 8.h4 Nbc6
9.h5 f5 10.Qf4 Qa5 11.Bd2 Qa4 12.Rh3 cxd4 13.Bd3 b5 14.Ne2 dxc3 15.Bxc3 Qxf4
16.Nxf4 a6 17.Ne2 Bd7 18.Kd2 Rad8 19.f4 Kf7 20.Rg1 Bc8 21.Nd4 Nxd4 22.Bxd4 Rg8
23.g4 fxg4 24.Rxg4 Nf5 25.Bxf5 exf5 26.Rgg3 Be6 27.Rc3 Rc8 28.Rxc8 Rxc8 29.Rc3 Rc4
30.Rxc4 dxc4 31.h6 gxh6 32.Ke3 Bd5 33.Kf2 Be4 34.c3 Ke6 35.Bb6 Kd7 36.Kg3 Bd5
37.Ba5 Bf7 38.Bb6 Bh5 39.Ba5 Kc6 40.Kf2 Be8 41.Ke3 Kd5 42.Bb6 Bc6 43.Ba5 h5
44.Bd8 a5 45.Be7 h6 46.Bh4 Bb7 47.Be1 Ba6 48.e6 Kxe6 49.Kd4 Bc8 50.Bh4 Bd7
51.Bd8 h4 52.Bxh4 Kf7 53.Be1 Kg6 54.Ke3 Bc6 55.Kf2 Bb7 56.Kg3 Kf6 57.Kf2 Kg6
58.Kg3 Be4 59.Kf2 Ba8 60.Kg3 Bh1 61.Kh2 Be4 62.Kg3 Kf6 63.Kf2 Ke6 64.Ke3 Kd5
65.Bh4 b4 66.cxb4 axb4 67.axb4 c3 68.Be1 Kc4 69.b5 c2 70.Kd2 Kxb5 71.Bf2 Kc4
72.Bh4 Bd3 73.Bf6 Kd5 74.Bb2 Ke4 75.Bc1 h5  0-1

[Event "Gyor opJ"]
[Site "Gyor"]
[Date "1992.??.??"]
[Round "?"]
[White "Kahn, Evarth"]
[Black "Mokcsay, Robert"]
[Result "1/2-1/2"]
[WhiteElo "2300"]
[BlackElo "2295"]

1.e4 e6 2.d4 d5 3.Nc3 Bb4 4.e5 b6 5.Qg4 Bf8 6.Bb5+ c6 7.Ba4 h5 8.Qf3 Nh6
9.Qxh5 g6 10.Qd1 Nf5 11.Nf3 a5 12.a3 Ba6 13.Ne2 Nh4 14.Nxh4 Qxh4 15.c3 Qe4
16.f3 Qh4+ 17.g3 Qh3 18.Kf2 Bxe2 19.Qxe2 Qxh2+ 20.Rxh2 Rxh2+ 21.Kf1 Rxe2
22.Kxe2 b5 23.Bc2 Nd7 24.Bg5 Be7 25.Be3 Kf8 26.Rh1 Kg7 27.Bh6+ Kg8 28.g4 b4
29.a4 c5 30.f4 f5 31.exf6 Nxf6 32.Kf3 Kf7 33.Bg5 bxc3 34.bxc3 cxd4 35.cxd4 Rc8
36.Bd3 Bf8 37.Rb1 Bb4 38.Rh1 Rc3 39.Ke2 Ra3 40.Bxf6 Kxf6 41.Rh7 g5 42.Rh6+ Ke7
43.fxg5 Bc3 44.Rh7+ Kf8 45.Rh6 Ke7 46.Rh7+ Kf8 47.Rh8+ Kg7  1/2-1/2

[Event "Hamburg op"]
[Site "Hamburg"]
[Date "1992.??.??"]
[Round "6"]
[White "Maus, Soenke"]
[Black "Holzke, Frank"]
[Result "1/2-1/2"]
[WhiteElo "2435"]
[BlackElo "2400"]

1.e4 e6 2.d4 d5 3.Nc3 Bb4 4.e5 Ne7 5.Bd2 c5 6.dxc5 Nbc6 7.f4 Bxc5 8.Nf3 a6
9.Bd3 Bd7 10.Qe2 Nb4 11.a3 Nxd3+ 12.Qxd3 f6 13.O-O-O Qc7 14.g4 O-O-O 15.Rhe1 Ng6
16.Be3 Be7 17.Qd4 fxe5 18.Nxe5 Nxe5 19.fxe5 Rdf8 20.Rd3 Rf3 21.Kd1 Rhf8 22.Na4 Bxa4
23.Qxa4 Bc5 24.Rc3 Rxe3 25.Rexe3 d4 26.b4 dxc3 27.Rxc3 Qd8+ 28.Kc1 Qd4 29.Qb3 Kb8
30.bxc5 Rf1+ 31.Kb2 Qd1 32.Qa2 Qxg4 33.c6 bxc6 34.Qb3+ Kc7 35.Rd3 Qg1 36.Qxe6 Rb1+
37.Kc3 Qc5+ 38.Kd2 Qf2+ 39.Kc3 Qc5+ 40.Kd2 Qf2+ 41.Kc3 Qe1+ 42.Kc4 Qe4+ 43.Kc3 Qe1+
44.Kc4  1/2-1/2

[Event "Havana-A"]
[Site "Havana"]
[Date "1992.??.??"]
[Round "?"]
[White "Montiel, Pedro"]
[Black "Perez, Juan C"]
[Result "1-0"]
[WhiteElo "2280"]
[BlackElo "2245"]

1.e4 e6 2.d4 d5 3.Nc3 Bb4 4.e5 Ne7 5.a3 Bxc3+ 6.bxc3 c5 7.Qg4 Qc7 8.Qxg7 Rg8
9.Qxh7 cxd4 10.Ne2 Nbc6 11.f4 Bd7 12.Rb1 dxc3 13.Qd3 Nf5 14.h3 d4 15.g4 Nh4
16.Qh7 Nf3+ 17.Kf2 Ne7 18.Bg2 Bc6 19.Rd1 Nd2 20.Bxd2 cxd2 21.Bxc6+ Qxc6 22.Rxd2 O-O-O
23.Qd3 a6 24.Rb4 Qc7 25.Rc4 Nc6 26.Nxd4 f6 27.Qe3 fxe5 28.fxe5 Rgf8+ 29.Kg3 Qf7
30.Nxc6 Rxd2 31.Nd8+  1-0